[Event "Tourn. n10307"]
[Site "www.chess-mail.com"]
[Date "2020.04.21"]
[Round "1"]
[White "Malbertan"]
[Black "Madz123456"]
[WhiteElo "2080"]
[BlackElo "1820"]
[Result "0-1"]
[Round "1"]
1.e4 c5
2.Ng1f3 d6
3.d4 cxd4
4.Nf3xd4 Ng8f6
5.Nb1c3 a6
6.Bc1g5 e6
7.f4 h6
8.Bg5h4 Qd8b6
9.Qd1d2 Qb6xb2
10.Ra1b1 Qb2a3
11.Bf1e2 Bf8e7
12.Bh4g3 O-O
13.O-O Qa3c5
14.Bg3f2 Qc5c7
15.Bf2g3 e5
16.Nd4f5 Bc8xf5
17.exf5 Nb8d7
18.fxe5 dxe5
19.Be2f3 Be7b4
20.Rb1xb4 Qc7c5
21.Bg3f2 Qc5xb4
22.Rf1b1 Qb4c4
23.Rb1xb7 Ra8c8
24.Rb7xd7 Nf6xd7
25.Qd2xd7 Qc4xc3
26.f6 Rf8d8
27.Qd7g4 Qc3a1
{ resign }
0-1

[Event "Match"]
[Site "www.echecsemail.com"]
[Date "2020.04.21"]
[Round "1"]
[White "Logout"]
[Black "Coraza"]
[WhiteElo "1940"]
[BlackElo "1920"]
[Result "1-0"]
[Round "1"]
1.e4 e5
2.Ng1f3 Nb8c6
3.d4 exd4
4.Nf3xd4 Qd8f6
5.Nd4xc6 Bf8c5
6.f4 Qf6xc6
7.Nb1c3 Bc5b4
8.Qd1f3 Bb4xc3
9.bxc3 Ng8e7
10.c4 b6
11.Bc1b2 O-O
12.Bf1d3 Bc8a6
13.Qf3g4 Qc6g6
14.Qg4xg6 Ne7xg6
15.g3 c5
16.f5 Ng6e7
17.O-O-O f6
18.h4 Ba6b7
19.Rd1g1 h5
20.g4 hxg4
21.Rg1xg4 Kf7
22.Rh1g1 Rf8g8
23.e5 Bb7f3
24.e6 dxe6
25.fxe6 Kxe6
26.Rg4xg7 Rg8e8
27.Rg1e1 Kd7
28.Bb2xf6 Bf3c6
29.Bd3g6 Kd6
30.Bg6xe8 Ra8xe8
31.Bf6xe7 Kc7
32.Be7g5 Kb8
33.Re1xe8 { resign }
1-0

[Event "Match"]
[Site "www.echecsemail.com"]
[Date "2020.04.21"]
[Round "1"]
[White "Coraza"]
[Black "Llord"]
[WhiteElo "1920"]
[BlackElo "1900"]
[Result "1-0"]
[Round "1"]
1.e4 e5
2.Ng1f3 Nb8c6
3.Bf1b5 a6
4.Bb5xc6 dxc6
5.Nf3xe5 Qd8f6
6.Ne5f3 Bc8g4
7.h3 Bg4xf3
8.Qd1xf3 Qf6xf3
9.gxf3 O-O-O
10.b3 Bf8d6
11.Bc1b2 f6
12.Nb1c3 Ng8e7
13.O-O-O Bd6b4
14.Nc3e2 Rh8e8
15.c3 Bb4c5
16.d4 Bc5b6
17.Ne2f4 g5
18.Nf4e6 Rd8d6
19.Ne6g7 Re8d8
20.Bb2a3 Rd6d7
21.Ng7e6 Rd8e8
22.Ne6g7 Re8d8
23.Ng7e6 Rd8e8
24.Ne6g7 Re8g8
25.Ng7e6 Rd7d6
26.Ba3xd6 cxd6
27.d5 Bb6xf2
28.dxc6 Ne7xc6
29.Rd1xd6 Bf2e3
30.Kc2 Nc6e5
31.Rh1d1 Be3f4
32.Rd6d8 { resign }
1-0

[Event "Match"]
[Site "www.echecsemail.com"]
[Date "2020.04.21"]
[Round "1"]
[White "Libiesse"]
[Black "Coraza8091"]
[WhiteElo "1970"]
[BlackElo "1540"]
[Result "1-0"]
[Round "1"]
1.Ng1f3 Nb8c6
2.d4 d5
3.g3 Ng8f6
4.Bf1g2 Bc8f5
5.c3 Bf5xb1
6.Ra1xb1 Qd8d7
7.O-O O-O-O
8.Rf1e1 Rd8e8
9.b3 e6
10.c4 Nc6b4
11.a3 Nb4c6
12.cxd5 exd5
13.e3 Nf6e4
14.Bc1b2 Bf8d6
15.Rb1c1 Qd7e7
16.b4 Bd6xb4
17.axb4 Qe7xb4
18.Qd1c2 f5
19.Nf3e5 Nc6xe5
20.Qc2xc7 { resign }
1-0

[Event "Match"]
[Site "www.echecsemail.com"]
[Date "2020.04.21"]
[Round "1"]
[White "Apdash"]
[Black "Johndyson"]
[WhiteElo "2220"]
[BlackElo "2570"]
[Result "0-1"]
[Round "1"]
1.e4 c6
2.d4 d5
3.e5 Bc8f5
4.Ng1f3 e6
5.Bf1e2 c5
6.c3 Nb8d7
7.O-O Ng8e7
8.Be2d3 Bf5xd3
9.Qd1xd3 Ne7c6
10.Bc1e3 Bf8e7
11.a3 Qd8b6
12.b4 c4
13.Qd3e2 a5
14.Qe2b2 h6
15.b5 a4
16.Ra1a2 Nc6a5
17.Nb1d2 Na5b3
18.Nf3e1 Qb6xb5
 { time }
0-1